100 Moste streamed rap songs ever - Statistics

General Stats
  • This quiz has been taken 77 times
  • The average score is 38 of 100
Answer Stats
Hint Answer % Correct
Juice WRLD Lucid dreams
92%
DaBaby ft.Roddy Ricch | Poste Malone ft.21 Savage Rockstar
85%
Drake God's plan
79%
Travis Scott ft.Kendrick Lamar Goosebumps
77%
XXXTentacion SAD!
75%
Kendrick Lamr Humble
70%
Travis Scott ft.Drake Sicko mode
70%
Roddy Ricch The box
70%
Kendrick Lamar ft.Zacari Love
66%
Lil Nas X ft.Billy Ray Cyrus Old town road
66%
Eminem ft.Juice WRLD Godzilla
62%
Lil Tecca Ransom
62%
Wiz Khalifa ft.Charlie Puth See you again
62%
Eminem Without me
62%
50 Cent In da club
60%
J.Cole No role modelz
58%
Macklemore & Ryan Lewis ft.Ray Dalton Can't hold us
57%
Kendrick Lamar & SZA All the stars
53%
Lil Nas X ft.Jack Harlow Industry Baby
53%
XXXTentacion Jocelyn flores
53%
Kendrick Lamar ft.Jay Rock Money trees
53%
24kGoldn ft.Iann Dior Mood
53%
Juice WRLD All girls are the same
51%
XXXTentacion Moonlight
51%
Coolio ft.L.V. Gangsta's paradise
49%
Eminem Lose yourself
49%
Eminem ft.Dido Stan
49%
Dr. Dre ft. Snoop Dogg Still D.R.E
49%
XXXTentacion ft.Trippie Redd Fuck Love
45%
Kanye West ft.Jamie Foxx Gold digger
45%
Eminem ft.Nate Dogg 'Till i collapse
45%
Lil Mosey Blueberry faygo
43%
Lil Baby & Gunna Drip too hard
43%
Future Mask off
43%
Eminem Rap god
43%
Kanye West Stronger
43%
Eminem ft.Rihanna The monster
43%
Lil Uzi Vert 20 min
42%
Kanye West Heartless
42%
Internet Money ft.Gunna, Don Toliver & NAV Lemonade
42%
Eminem The real slim shady
42%
The Notorious B.I.G. Big poppa
40%
Travis Scott Butterfly effect
40%
Travis Scott Highest in the room
40%
Ice cube It was a good day
40%
XXXTentacion Look at me!
40%
YNW Melly Murder on my mind
40%
Offset & Metro Boomin Ric flair drip
40%
Kodak Black ft.Travis Scott & Offset Zeze
40%
Poste Malone ft.Quavo Congratulation
38%
Eminem ft.Rihanna Love the way you lie
38%
Notorious B.I.G Hypnotize
36%
Future ft.Drake Life is good
36%
Eminem Mockingbird
36%
Sheck Wes Mo bamba
34%
Macklemore & Ryan Lewis ft.Wanz Thrift shop
34%
Fetty Wap Trap Queen
34%
Cardi B ft.Megan Thee Stallion Wap
34%
Pop Smoke Dior
32%
J. Cole Wet dreamz
32%
Kanye West Flashing lights
32%
XXXTentacion Hope
32%
Snoop Dogg & Wiz Khalifa ft.Bruno Mars Young, wild & free
32%
Kendrick Lamar Not like us
30%
Desiigner Panda
30%
Juice WRLD Robbery
30%
Tyga ft.Offset Taste
28%
Dr.Dre ft.Snoop Dogg The next episode
26%
J. Cole Middle child
26%
Outkast Ms.jackson
26%
Lil Uzi Vert Xo tour llif3
26%
Cardi B & Bad Bunny & J Balvin I like it
25%
Jay-Z ft.Alicia Keys Empire state of mind
25%
Lil Peep Star shopping
25%
21 Savage Bank account
23%
Kendrick Lamar DNA
23%
Jay-Z & Kanye West Ni**as in paris
23%
Lil Uzi Vert The way life goes
21%
Lil baby & Drake Yes indeed
21%
DJ Khaled ft.Justin Biber,Quavo, Chance The Rapper & Lil Wayne I'm the one
19%
Drake In my feelings
19%
Travis Scott Fe!n
17%
Meek Mill ft.Drake Going bad
17%
Flo Rida ft.T-Pain Low
17%
G-Eazy & Bebe Rexha Me, Myself & I
17%
Eminem Not afraid
17%
Drake ft.21 Savage Jimmy cooks
15%
Pop Smoke ft.Lil baby & DaBaby For the night
13%
Drake Nice for what
13%
Drake Nonstop
13%
Jay-Z & Linkin Park Numb/encore
13%
Kanye West Father stretch my hands pt.1
11%
Poste Malone ft.Ty dolla Sign Psycho
11%
NF Let you down
9%
A$AP Rocky ft.Skepta Praise the lord (da shine)
8%
Drake Toosie slide
8%
Logic ft.Alessia Cara & Khalid 1-800-273-8255
4%
XXXTentacion Everybody dies in thier nightmares
2%
Lil Wayne, Wiz Khalifa, Imagnie Dragons, Logic & Ty Dolla Sign S*cker for pain
0%
No matching quizzes found
Score Distribution
Percent of People with Each Score
Percentile by Number Answered
Your Score History
You have not taken this quiz